| 000 -LEADER | |
|---|---|
| fixed length control field | 00420nam a22001697a 4500 |
| 005 - DATE AND TIME OF LATEST TRANSACTION | |
| control field | 20210828152016.0 |
| 008 - FIXED-LENGTH DATA ELEMENTS--GENERAL INFORMATION | |
| fixed length control field | 160905b xxu||||| |||| 00| 0 eng d |
| 020 ## - INTERNATIONAL STANDARD BOOK NUMBER | |
| ISBN | 978-81-272-6752-0 |
| 041 ## - LANGUAGE CODE | |
| Language code of text/sound track or separate title | eng |
| 082 ## - DEWEY DECIMAL CLASSIFICATION NUMBER | |
| Classification number | 632.7 |
| 100 ## - MAIN ENTRY--AUTHOR NAME | |
| Personal name | Srivasatva,K.P,Dhaliwal G S |
| 245 ## - TITLE STATEMENT | |
| Title | A Textbook of Applied Entomology Vol II |
| 260 ## - PUBLICATION, DISTRIBUTION, ETC. (IMPRINT) | |
| Name of publisher | Kalyani |
| Year of publication | 2015 |
| 300 ## - PHYSICAL DESCRIPTION | |
| Number of Pages | 358 |
| 650 ## - SUBJECT ADDED ENTRY--TOPICAL TERM | |
| Topical Term | Agriculture |
| 942 ## - ADDED ENTRY ELEMENTS (KOHA) | |
| Koha item type | Books |
| Lost status | Damaged status | Collection code | Home library | Current library | Shelving location | Date acquired | Source of acquisition | Cost, normal purchase price | Full call number | Accession Number | Koha item type | Copy number |
|---|---|---|---|---|---|---|---|---|---|---|---|---|
| Reference | JRU Library | JRU Library | SHELF-2-C | 05/09/2016 | Purchase | 275.00 | 632.7 | 21076 | Books | |||
| AGRICULTURE | JRU Library | JRU Library | SHELF-43-C | 05/09/2016 | Purchase | 275.00 | 632.7 | 21077 | Books | 5 | ||
| AGRICULTURE | JRU Library | JRU Library | SHELF-43-C | 05/09/2016 | Purchase | 275.00 | 632.7 | 21078 | Books | 5 | ||
| AGRICULTURE | JRU Library | JRU Library | SHELF-43-C | 05/09/2016 | Purchase | 275.00 | 632.7 | 21079 | Books | 5 | ||
| AGRICULTURE | JRU Library | JRU Library | SHELF-43-C | 05/09/2016 | Purchase | 275.00 | 632.7 | 21080 | Books | 5 | ||
| AGRICULTURE | JRU Library | JRU Library | SHELF-43-C | 09/09/2017 | Purchase | 325.00 | 632.7 | 21857 | Books | |||
| AGRICULTURE | JRU Library | JRU Library | SHELF-43-C | 09/09/2017 | Purchase | 325.00 | 632.7 | 21858 | Books | |||
| AGRICULTURE | JRU Library | JRU Library | SHELF-43-C | 09/09/2017 | Purchase | 325.00 | 632.7 | 21859 | Books | |||
| AGRICULTURE | JRU Library | JRU Library | SHELF-43-C | 09/09/2017 | Purchase | 325.00 | 632.7 | 21860 | Books | |||
| AGRICULTURE | JRU Library | JRU Library | SHELF-43-C | 09/09/2017 | Purchase | 325.00 | 632.7 | 21861 | Books |